| 000 | 00661nam a2200241Ia 4500 | ||
|---|---|---|---|
| 005 | 20260429112031.0 | ||
| 008 | 260429s9999||||xx |||||||||||||| ||und|| | ||
| 020 | _a9781032040103 | ||
| 041 | _aEnglish | ||
| 082 |
_a809.04 _bGOP |
||
| 100 | _aGopinath, Praseeda | ||
| 245 | 0 |
_aRoutledge companion to postcolonial and decolonial literature / _cPraseeda Gopinath |
|
| 250 | _a1st ed. | ||
| 260 |
_aUnited Kingdom : _bRoutledge, _c2025. |
||
| 300 | _axiii, 420 p.; hb | ||
| 650 | _a 20th century | ||
| 650 | _a Decolonization | ||
| 650 | _a History | ||
| 650 | _a Postcolonialism | ||
| 650 | _aLiterature | ||
| 700 | _a Brueck, Laura | ||
| 942 | _cTB | ||
| 999 |
_c52001 _d52001 |
||